000 00710nam a22002417a 4500
005 20170124105952.0
010 _aA-997028
020 _c00.00
_a8186803327
035 h _aA-997028
037 _bCen Lib/Ret
040 _aDPL
_bEN
082 _a338.954
_bPAN
100 _aPanagariya, B. L.
_973516
245 _aIndian economy on crossroads /
_cby B. L. Panagariya
246 _b
260 _bNational Publishing House
_c1999
_aJaipur
270 _bJaipur
_a227, Choura Rasta
_e302003
300 _avii,371p.
_c21cm(Hb)
500 _aIncludes index
650 _aIndia -- Economic policy
_98390
650 _aIndia -- Economic conditions
_973517
942 _2ddc
_cEN
_h338.954
_mPAN
999 _c125370
_d125370